000 00496nam a2200193Ia 4500
008 180207s9999 xx 000 0 und d
020 _a9781842210888
050 _bC878 2000
100 _aCox, Sophie
245 4 _aThe dumpsters /
245 _cSophie Cox ; illustrated by Claire Tindall.
260 _aLondon :
260 _bTesco Stores Limited,
260 _c2000
300 _aunpaged :
300 _bcolor illustration ;
300 _c22cm.
440 _aFun to learn collection.
999 _c355344
_d355344